000 00385nam a2200145Ia 4500
008 220217s9999||||xx |||||||||||||| ||und||
020 _a9350591960
082 _a624.15 KES
100 _aKeshavalu, Chenna, N
245 0 _aText of engineering geology
250 _a2nd
260 _aPrentice hall of india
_bNew Delhi
_c2012
300 _aXIV, 449p.
_b300
650 _aGEOLOGY
999 _c184729
_d184729